| 000 | 02476nam0a2200373 4500 | ||
|---|---|---|---|
| 001 | RU\NLR\BIBL_A\022696989 | ||
| 005 | 20260524043442.0 | ||
| 010 |
_a978-5-4263-1552-5 _9500 |
||
| 021 |
_aRU _bКН-П-25-070125 _9КН-П-25-6786 |
||
| 035 | _a(NLR Aleph) 022696989 | ||
| 090 |
_a13708994 _c13708994 |
||
| 100 | _a20251226d2025 k y0rusy50 ca | ||
| 101 | 0 |
_arus _deng |
|
| 102 | _aRU | ||
| 105 | _ay z 100yy | ||
| 181 | 0 |
_ai _baxxe |
|
| 182 | 0 | _an | |
| 200 | 1 |
_aВожди и вождизм в России в новое и новейшее время _eматериалы всероссийской научной онлайн-конференции, г. Москва, 17 мая 2024 г. _fМинистерство просвещения Российской Федерации, Федеральное государственное бюджетное образовательное учреждение высшего образования "Московский педагогический государственный университет", Институт социально-гуманитарного образования _gпод редакцией С. В. Леонова, Г. В. Талиной |
|
| 203 |
_aТекст _bвизуальный _cнепосредственный |
||
| 210 |
_aМосква _cМПГУ _d2025 |
||
| 215 |
_a189 с. _d20 |
||
| 300 | _aРез. англ. | ||
| 320 | _aБиблиогр. в конце ст. | ||
| 606 | 1 |
_aЛидерство политическое _jСъезды, совещания и т.п _xИстория _yРоссия _z16 - 20 вв. _92709847 _3RU\NLR\AUTH\6601770809 |
|
| 686 | 1 | _aТ3(2)0-53я431 | |
| 686 | 1 | _aФ3(2)15я431 | |
| 702 | 1 |
_4340 _7ca _8rus _aЛеонов _bС. В. _cд-р ист. наук _gСергей Викторович _921032 _3RU\NLR\AUTH\7738045 |
|
| 711 | 1 | 2 |
_a"Вожди и вождизм в России в Новое и Новейшее время", всероссийская научная онлайн-конференция _eМосква _f2024 _92692931 _3RU\NLR\AUTH\880637406 |
| 712 | 0 | 2 |
_4570 _aМосковский педагогический государственный университет _bИнститут социально-гуманитарного образования _9524433 _3RU\NLR\AUTH\880430035 |
| 942 | _cBOOK | ||
| 980 | _aNB | ||